Normal view MARC view
  • Jiménez, Josmary

Entry Nombre Personal

Number of records used in: 1

001 - NUMERO DE CONTROL

  • campo de control: 59706

003 - IDENTIFICADOR DE NUMERO DE CONTROL

  • campo de control: UPN

005 - FECHA Y HORA DE LA ÜLTIMA TRANSACCIÓN

  • campo de control: 20260526112622.0

008 - DATOS DE LONGITUD FIJA

  • campo de control de longitud fija: 260526|| acn||aabn | a|a d

024 7# - OTROS IDENTIFICADORES NORMALIZADOS

  • Fuente: orcid
  • Número normalizado o código: https://orcid.org/0000-0003-3334-7329

040 ## - FUENTE DE CATALOGACIÓN

  • Agencia original de catalogación: MX-MxUPN

100 1# - ENCABEZAMIENTO - NOMBRE PERSONAL

  • Nombre personal: Jiménez, Josmary

370 ## - LUGAR ASOCIADO

  • Associated country: Venezuela

371 ## - DIRECCIÓN

  • Electronic mail address: josmary.jimenez.ipb@upel.edu.ve

372 ## - CAMPO DE ACTIVIDAD

  • Field of activity: Educación superior.
  • Field of activity: Educación integral.

373 ## - GRUPO ASOCIADO

  • Associated group: Universidad Pedagógica Experimental Luis Beltrán Prieto Figueroa (UPEL)

374 ## - OCUPACIÓN

  • Occupation: Docencia e investigación universitaria

670 ## - FUENTE EN LA QUE SE LOCALIZARON DATOS

  • Cita de la fuente: En recurso en línea: REDINE, Vol. 17, no. 1 (2025)
  • Información localizada: (Josmary Jiménez)
  • Uniform Resource Identifier: https://revistas.uclave.org/index.php/redine/article/view/5133/3661

902 ## - CATALOGADOR

  • Catalogador: Leonor Sotres/250526